[Event "34th Cannes Open 2020"]
[Site "Cannes"]
[Date "2020.02.19"]
[Round "4.3"]
[White "Gukesh D"]
[Black "Rakotomaharo, Fy Antenaina"]
[Result "1-0"]
[WhiteElo "2542"]
[BlackElo "2430"]
[Annotator "TA"]
[PlyCount "67"]
[EventDate "2020.02.17"]
[EventType "swiss"]
[EventCountry "FRA"]
[SourceTitle "playchess.com"]
[Source "ChessBase"]
[SourceQuality "1"]

{[%evp 13,67,9,12,15,12,2,10,8,15,-12,0,0,0,0,0,0,0,0,0,0,0,0,0,0,0,2,27,32,17,-61,28,17,35,27,43,59,62,62,137,106,98,91,234,142,433,502,1237,1240,1125,1114,1059,1039,29980,29981,29991,29992]} 1. c4 Nf6 2. Nc3 c5 3. g3 g6 4. Bg2 Bg7 5. Nf3 O-O 6. d4 d5 7. dxc5 $1 {7.dxc5 is better than 7.cxd5.} Qa5 8. Qa4 {D74: Fianchetto Grünfeld: Main Line (5 Nf3 0-0 6 cxd5 Nxd5 7 0-0).} Qxc5 9. cxd5 Nxd5 10. Nxd5 {The position is equal.} Qxd5 11. Qh4 {[#] Black must now prevent Ng5.} Qa5+ 12. Bd2 Qb6 13. Qxe7 Nc6 14. Qh4 $1 Qxb2 15. O-O h5 16. h3 Re8 17. g4 hxg4 18. hxg4 Re4 19. Rab1 Qxa2 20. Ng5 $1 Rxg4 21. Qh7+ Kf8 22. Rfd1 $1 b6 23. Kf1 Bb7 $1 {Hoping for ...Rd8.} 24. Bf3 Rd4 25. Bc3 $1 {aiming for Bxc6.} Rad8 ({But not} 25... Rxd1+ $2 26. Rxd1 Bxc3 {[#]} 27. Bd5 $1 $18 {[%mdl 512]}) (25... Re8 $1 $14 26. Re1 Re5 27. Bxd4 (27. Bxc6 Rxe2 28. Bxb7 Rxe1+ 29. Rxe1 Qc4+ {[%mdl 64] Double Attack} 30. Kg2 Rg4+ {[%mdl 64] Double Attack} 31. Kh3 Qxc3+ {[%mdl 64] Double Attack} 32. Kxg4 Qxe1 $11) 27... Nxd4 28. Bxb7 Rxg5) 26. Bxd4 $16 Rxd4 27. Qh3 Ba6 (27... Qa4 $16 28. Rdc1 Kg8) 28. Kg2 Rxd1 $4 {[%mdl 8192] Now Black is done in.} (28... Qa4 $16) 29. Rxd1 $18 Ne5 (29... Qc4 $142 30. Qd7 Qf4) 30. Nh7+ Ke7 31. Qh4+ f6 32. Qb4+ Ke8 33. Qd6 Bc4 34. Qc7 {Accuracy: White = 90%, Black = 58%.} 1-0

[Event "34th Cannes Open 2020"]
[Site "Cannes"]
[Date "2020.02.19"]
[Round "4.4"]
[White "Vogt, Lothar"]
[Black "Nasuta, Grzegorz"]
[Result "1/2-1/2"]
[WhiteElo "2347"]
[BlackElo "2561"]
[Annotator "TA"]
[PlyCount "41"]
[EventDate "2020.02.17"]
[EventType "swiss"]
[EventCountry "FRA"]
[SourceTitle "playchess.com"]
[Source "ChessBase"]
[SourceQuality "1"]

{[%evp 13,41,0,10,-3,10,10,10,10,1,14,8,9,5,3,8,0,2,0,0,-18,3,0,0,0,0,0,6,10,24,2]} 1. e4 c5 2. c3 d5 3. exd5 Qxd5 4. d4 Nf6 5. Nf3 e6 6. Be3 cxd4 7. cxd4 Bb4+ 8. Nc3 {B22: Sicilian: 2 c3.} O-O 9. Bd3 b6 10. O-O {The position is equal.} Bxc3 11. bxc3 Ba6 12. Bxa6 Nxa6 13. Qa4 Qb7 14. c4 Rac8 15. Rab1 Nb8 {[#]} 16. Rfd1 $146 ({Predecessor:} 16. Rfc1 h6 17. Qb5 Qe4 18. h3 Rfd8 19. a4 Nc6 20. Nd2 Qg6 21. Nf3 Ne4 22. d5 exd5 23. cxd5 {0-1 (40) Van der Lende,I (2350)-Fedorchuk,S (2633) Escaldes 2019}) 16... Nbd7 17. Rbc1 h6 18. h3 Rc6 19. Rc2 Rfc8 20. Rdc1 Qb8 21. Ne1 {An uneventful encounter. Accuracy: White = 100%, Black = 100%.} 1/2-1/2

[Event "34th Cannes Open 2020"]
[Site "Cannes"]
[Date "2020.02.19"]
[Round "4.5"]
[White "Siva Mahadevan"]
[Black "Godena, Michele"]
[Result "1/2-1/2"]
[WhiteElo "2310"]
[BlackElo "2440"]
[Annotator "NA"]
[PlyCount "34"]
[EventDate "2020.02.17"]
[EventType "swiss"]
[EventCountry "FRA"]
[SourceTitle "playchess.com"]
[Source "ChessBase"]
[SourceQuality "1"]
[TimeControl "40/5400+30:1800+30"]

1. e4 {[%emt 0:00:48]} e5 {[%emt 0:00:00]} 2. Nf3 {[%emt 0:00:07]} Nc6 {[%emt 0:00:00]} 3. Bb5 {[%emt 0:00:04]} Bc5 {[%emt 0:04:55]} 4. c3 {[%emt 0:01:06]} Nf6 {[%emt 0:00:20]} 5. d4 exd4 {[%emt 0:00:23]} 6. e5 {[%emt 0:00:51]} Nd5 {[%emt 0:02:43]} 7. O-O {[%emt 0:00:10]} Be7 {[%emt 0:02:11]} 8. Nxd4 {[%emt 0:11:10]} O-O {[%emt 0:03:04]} 9. Nf5 {[%emt 0:00:49]} d6 {[%emt 0:02:16]} 10. Nxe7+ {[%emt 0:13:29]} Ncxe7 {[%emt 0:01:10]} 11. exd6 {[%emt 0:08:18]} Qxd6 {[%emt 0:00:29]} 12. c4 {[%emt 0:01:16]} a6 {[%emt 0:15:32]} 13. Ba4 {[%emt 0:00:24]} Nb6 {[%emt 0:00:11]} 14. Qxd6 {[%emt 0:01:26]} cxd6 {[%emt 0:00:47]} 15. Bb3 {[%emt 0:00:08]} Be6 {[%emt 0:03:07]} 16. Na3 {[%emt 0:00:33]} Rfc8 {[%emt 0:22:53]} 17. Bf4 {[%emt 0:03:41]} Nxc4 {[%emt 0:03:55]} 1/2-1/2

[Event "34th Cannes Open 2020"]
[Site "Cannes"]
[Date "2020.02.19"]
[Round "4.6"]
[White "Rademakers, Evert"]
[Black "Joie, Sebastien"]
[Result "0-1"]
[WhiteElo "2280"]
[BlackElo "2421"]
[Annotator "NA"]
[PlyCount "80"]
[EventDate "2020.02.17"]
[EventType "swiss"]
[EventCountry "FRA"]
[SourceTitle "playchess.com"]
[Source "ChessBase"]
[SourceQuality "1"]
[TimeControl "40/5400+30:1800+30"]

1. d4 {[%emt 0:00:00]} d5 {[%emt 0:00:00]} 2. c4 {[%emt 0:00:00]} c6 {[%emt 0:00:00]} 3. Nf3 {[%emt 0:00:00]} Nf6 {[%emt 0:00:08]} 4. g3 {[%emt 0:00:00]} g6 {[%emt 0:05:28]} 5. Bg2 {[%emt 0:01:30]} Bg7 {[%emt 0:00:02]} 6. cxd5 {[%emt 0:01:42]} cxd5 {[%emt 0:00:03]} 7. O-O {[%emt 0:00:42]} O-O {[%emt 0:00:48]} 8. Nc3 {[%emt 0:00:01]} Ne4 {[%emt 0:00:10]} 9. Nxe4 {[%emt 0:06:49]} dxe4 {[%emt 0:00:03]} 10. Ne5 {[%emt 0:00:16]} Qb6 {[%emt 0:08:50]} 11. b3 {[%emt 0:07:55]} Nc6 {[%emt 0:08:21]} 12. Nxc6 {[%emt 0:02:12]} bxc6 {[%emt 0:08:24]} 13. Ba3 {[%emt 0:07:09]} Bxd4 {[%emt 0:04:55]} 14. Rc1 {[%emt 0:01:06]} Bf5 {[%emt 0:03:19]} 15. e3 {[%emt 0:03:48]} Bf6 {[%emt 0:04:19]} 16. Qc2 {[%emt 0:08:16]} Qa6 {[%emt 0:05:58]} 17. Bc5 {[%emt 0:03:39]} Rfd8 {[%emt 0:06:13]} 18. h3 {[%emt 0:06:35]} h5 {[%emt 0:00:33]} 19. Rfd1 {[%emt 0:11:32]} Rd3 {[%emt 0:09:22]} 20. Bf1 {[%emt 0:01:04]} Rad8 {[%emt 0:00:01]} 21. Kh2 {[%emt 0:05:19]} Qc8 {[%emt 0:07:58]} 22. Bxd3 {[%emt 0:08:18]} exd3 {[%emt 0:00:02]} 23. Qc4 {[%emt 0:00:30]} h4 {[%emt 0:08:46]} 24. g4 {[%emt 0:04:44]} d2 {[%emt 0:02:07]} 25. Rc2 {[%emt 0:00:40]} Bxc2 {[%emt 0:03:53]} 26. Qxc2 {[%emt 0:00:39]} Qd7 {[%emt 0:03:34]} 27. Bb4 {[%emt 0:03:26]} Qc7+ {[%emt 0:00:01]} 28. Kg2 {[%emt 0:06:08]} a5 {[%emt 0:00:02]} 29. Bxd2 {[%emt 0:03:54]} Qd6 {[%emt 0:00:28]} 30. Kf3 {[%emt 0:00:55]} Qh2 {[%emt 0:01:35]} 31. Ke2 {[%emt 0:00:37]} Qxh3 {[%emt 0:02:33]} 32. Qe4 {[%emt 0:00:14]} Qh2 {[%emt 0:00:02]} 33. Qxc6 {[%emt 0:00:22]} Qe5 {[%emt 0:02:46]} 34. f4 {[%emt 0:05:11]} Qb2 {[%emt 0:01:18]} 35. g5 {[%emt 0:00:06]} Bg7 {[%emt 0:00:13]} 36. Qc7 {[%emt 0:00:16]} Rd5 {[%emt 0:00:47]} 37. Qc8+ {[%emt 0:02:00]} Kh7 {[%emt 0:04:34]} 38. Qg4 {[%emt 0:00:01]} Bc3 {[%emt 0:00:23]} 39. Qxh4+ Kg8 {[%emt 0:00:09]} 40. Qe1 {[%emt 0:01:28]} Qc2 {[%emt 0:00:15]} 0-1

[Event "34th Cannes Open 2020"]
[Site "Cannes"]
[Date "2020.02.20"]
[Round "5.1"]
[White "Zeng, Chongsheng"]
[Black "Sadzikowski, Daniel"]
[Result "1-0"]
[WhiteElo "2567"]
[BlackElo "2514"]
[Annotator "TA"]
[PlyCount "101"]
[EventDate "2020.02.17"]
[EventType "swiss"]
[EventCountry "FRA"]
[SourceTitle "playchess.com"]
[Source "ChessBase"]
[SourceQuality "1"]

{[%evp 10,101,14,-2,0,0,0,0,14,4,18,0,0,0,0,0,0,0,0,0,0,-12,-2,-8,0,0,0,0,0,0,0,0,0,0,0,0,0,0,0,-35,8,6,92,102,112,97,89,102,101,44,120,58,174,171,173,175,241,241,242,255,248,257,247,257,244,255,262,243,238,235,479,474,601,566,554,518,29977,29978,29978,29977,29977,29978,29978,29979,29979,29980,29980,29981,29981,29981,29983,29984,29984,29985]} 1. c4 e5 2. Nc3 Nc6 3. e3 Nf6 4. Nf3 Bb4 5. Qc2 Bxc3 6. bxc3 d6 {A28: English Opening: Four Knights Variation.} 7. e4 O-O 8. g3 Nd7 {The position is equal.} 9. Nh4 Nc5 10. Bg2 a6 11. O-O b5 12. d4 exd4 13. cxd4 Nxd4 14. Qd2 Nc6 {[#]} 15. e5 $1 {[%mdl 512]} Bb7 (15... Nxe5 16. Bxa8) 16. exd6 cxd6 17. cxb5 axb5 {[#]} 18. Bb2 $146 ({Predecessor:} 18. Nf5 Qf6 {0-1 (18) Davis,J (1603)-Lipsits,S (1821) ICCF email 2017}) 18... Ne5 19. Bxb7 Nxb7 20. Qd5 Na5 21. f4 Ng6 22. Nxg6 hxg6 23. Qd4 {[%csl Gb2][%cal Rd4g7]} f6 24. Qd5+ Rf7 25. Bd4 Nc4 (25... Qc8 $11) 26. a4 $1 $16 {[%cal Ra4b5]} Rb8 27. axb5 Nb6 28. Qc6 $36 {[%mdl 2048] White has strong initiative.} Rfb7 29. Rfd1 (29. Rfe1 $16) 29... d5 (29... Qd7 $14) 30. Bf2 ({White should try} 30. Ra6 $16) 30... Kh7 ({Better is} 30... Qe7 $14) 31. Ra6 $18 Nc8 32. Rxd5 Qg8 (32... Qe7 $142 33. Qe6 Qxe6 34. Rxe6 Nb6) 33. Rd7 Rxd7 34. Qxd7 {[%cal Rd7h3]} Qb3 35. Qh3+ Kg8 36. Qe6+ $1 Qxe6 37. Rxe6 {[%mdl 4096] Endgame KRB-KRN} Kf7 38. Rc6 Ne7 39. Rc7 Rc8 $2 (39... Ke6 40. b6 Nd5) 40. Rxc8 Nxc8 {KB-KN} 41. Bc5 Ke6 42. Kg2 Nd6 (42... Kd5 $18) 43. Bxd6 {White mates.} Kxd6 {KP-KP} 44. Kf3 f5 45. g4 Kc5 46. gxf5 gxf5 {[#]} 47. Kg3 $1 Kxb5 {[#]} 48. Kh4 $1 Kc5 49. Kg5 Kd4 50. Kxf5 Ke3 51. h4 {Accuracy: White = 91%, Black = 67%.} 1-0

[Event "34th Cannes Open 2020"]
[Site "Cannes"]
[Date "2020.02.20"]
[Round "5.2"]
[White "Harshavardhan G B"]
[Black "Gukesh D"]
[Result "1/2-1/2"]
[WhiteElo "2377"]
[BlackElo "2542"]
[Annotator "TA"]
[PlyCount "165"]
[EventDate "2020.02.17"]
[EventType "swiss"]
[EventCountry "FRA"]
[SourceTitle "playchess.com"]
[Source "ChessBase"]
[SourceQuality "1"]

{[%evp 14,165,0,6,-4,8,16,31,20,-2,0,-46,-59,-59,-4,-5,0,0,0,0,0,0,0,0,1,0,0,-20,-20,-20,-16,-23,-17,-26,-14,-25,-14,-29,-32,-29,-20,-37,-31,-31,-31,-30,-14,-40,-41,-38,-38,-108,-116,-100,-114,-107,-115,-147,-124,-157,-166,-200,-188,-180,-163,-175,-165,-161,-175,-175,-172,-113,-17,-17,-17,-17,-17,-17,-24,-17,-24,-24,-24,-25,-25,-25,-25,-25,-25,-25,-25,-35,0,-51,-61,-432,-423,-401,-327,-366,-261,-345,-105,-325,-307,-277,-142,-373,-289,-452,-448,-670,-665,-667,-644,-655,-626,-587,0,-25,0,-551,-536,-525,-503,-411,-80,-80,-80,-80,-80,-80,-80,-80,-8,-8,-8,-8,0,0,0,0,0,0,0,0,0,0,0,0,0,0,0,0]} 1. d4 d5 2. c4 e6 3. Nc3 Nf6 4. Nf3 Bb4 5. Qa4+ Nc6 6. Ne5 Bd7 7. Nxd7 Qxd7 {7...Nxd7 is the hot move.} 8. e3 e5 {D38: Queen's Gambit Declined: Ragozin Defence (4 Nf3 Bb4).} 9. a3 Bxc3+ 10. bxc3 O-O {[#] White is slightly better.} 11. dxe5 $146 ({Predecessor:} 11. Be2 Rfe8 12. Bb2 dxc4 13. Qxc4 Na5 14. Qb4 b6 15. dxe5 Nc6 16. Qf4 Nxe5 17. Rd1 {1-0 (61) Jakovenko,D (2738)-Giri,A (2776) Khanty-Mansiysk 2015}) 11... Ne4 12. Qc2 (12. cxd5 {looks sharper.} Qxd5 13. f4 Rad8 14. Qc2 Nc5 15. c4) 12... Nxe5 13. Be2 Nc5 (13... c6 $15) 14. cxd5 $11 Qxd5 15. O-O Qe4 16. Qxe4 Nxe4 17. Bb2 Nd2 18. Rfd1 Nec4 19. Bc1 Rad8 20. Bxd2 Nxd2 21. f3 Rd6 22. Kf2 Rfd8 23. Ke1 Kf8 24. Ra2 {[%cal Rd1d2]} Nb3 25. Rxd6 Rxd6 {[%mdl 4096] Endgame KRB-KRN} 26. Rb2 Nc5 27. Rd2 Ke7 28. Rd4 Re6 29. Kf2 Re5 30. g4 Ne6 31. Rb4 b6 32. Rc4 (32. Rb5 $15 Rc5 33. Rxc5 Nxc5 34. h4) 32... Ra5 $17 33. a4 Rc5 34. Rxc5 Nxc5 {KB-KN} 35. Bd1 Kd6 36. Bc2 h6 37. Ke2 Kd5 $1 38. Kd2 a5 39. h4 g5 $1 {[%cal Rg5h4]} 40. hxg5 hxg5 41. Bd1 f6 42. f4 Ke4 ({Black should try} 42... Kc4 $17 43. Bc2 c6 44. fxg5 fxg5) 43. fxg5 $1 $11 fxg5 44. c4 $1 Ke5 45. Bc2 Ne4+ 46. Ke2 Nf6 47. Bf5 $1 Ne4 48. Ke1 $1 Nd6 49. Bd3 Ne4 50. Bc2 Nf6 51. Bf5 Ne4 52. Bg6 Nd6 53. Bd3 Nf7 {Threatens to win with ...Nh6.} 54. Bf5 $2 {[%mdl 8192]} (54. Bg6 $1 $15 Kf6 55. Bxf7 Kxf7 56. Kd2) 54... Nh6 $19 55. Bc8 Kd6 $1 {[%cal Rd6c5]} 56. Kd2 Nf7 57. Bf5 Ne5 $2 (57... Kc5 $1 $19 {has better winning chances.} 58. Kc3 Ne5) 58. Kc3 $17 Kc5 59. Be6 {White hopes to continue with Kb3.} c6 60. Kb3 $2 (60. e4 $17) 60... Nd3 $1 $19 {[%cal Rd3f2]} 61. Bd7 (61. Bf5 {is a better defense.} Nf2 62. Bd7) 61... Kd6 62. Bf5 (62. Bc8 $142 Nc5+ 63. Ka3) 62... Nc5+ 63. Ka3 Ke5 64. Bg6 {Now Bf5 and White clings on.} Ne4 $1 {[%cal Re4f2]} 65. Kb3 Nc5+ $2 (65... Nf2 $1 $19 66. c5 bxc5) 66. Ka3 $11 Ne4 $2 {[%mdl 8192]} (66... Ke6 $11) 67. Kb3 $1 $19 Nf2 $1 68. c5 bxc5 69. Kc4 Nxg4 $2 (69... Kd6 $1 $19 {and Black stays clearly on top.} 70. Bf5 Nd1) 70. Kxc5 $17 {[#]} Nf6 $1 {Hoping for ...g4.} ({Of course not} 70... Nxe3 71. Bh5 $11) 71. Kxc6 g4 {Strongly threatening ...g3.} 72. Bd3 {[#]} g3 $1 {[%cal Rg3g2] ( -> ...g2)} 73. Bf1 Ke4 (73... Nd5 $17 74. Bh3 Nxe3) 74. Bg2+ $1 $11 {The position is equal.} Kxe3 75. Kb5 Kf2 76. Bh1 Kg1 77. Ba8 Nd7 78. Kxa5 Ne5 79. Kb5 {Black must now prevent a5.} Kf2 {And now ...Nf3 would win.} 80. a5 {[%cal Ba4a5,Ba5a6,Ba6a7][%mdl 32]} Nf3 81. Bxf3 Kxf3 82. a6 {a7 would kill now.} g2 83. a7 {White escaped the defeat. Accuracy: White = 77%, Black = 85%.} 1/2-1/2

[Event "34th Cannes Open 2020"]
[Site "Cannes"]
[Date "2020.02.20"]
[Round "5.3"]
[White "Joie, Sebastien"]
[Black "Barseghyan, Harutyun"]
[Result "1/2-1/2"]
[WhiteElo "2421"]
[BlackElo "2448"]
[Annotator "TA"]
[PlyCount "83"]
[EventDate "2020.02.17"]
[EventType "swiss"]
[EventCountry "FRA"]
[SourceTitle "playchess.com"]
[Source "ChessBase"]
[SourceQuality "1"]

{[%evp 10,83,31,33,49,2,5,0,34,27,29,27,43,33,27,26,49,69,64,48,78,25,68,8,35,19,79,61,100,82,108,108,140,138,105,59,76,77,85,72,86,67,60,60,66,63,45,55,60,59,85,74,127,135,127,114,219,206,207,53,58,34,36,37,37,17,17,17,17,17,17,17,18,0,0,0]} 1. c4 Nf6 2. Nc3 e6 3. e4 d5 4. e5 d4 5. exf6 dxc3 6. bxc3 Qxf6 {A18: English Opening: Flohr-Mikenas System (1 c4 Nf6 2 Nc3 e6 3 e4).} 7. Bd3 Qe5+ {[#]} 8. Be2 $146 ({Predecessor:} 8. Ne2 c5 9. O-O Qc7 10. Be4 Bd6 11. g3 Nd7 12. Qb3 O-O 13. d3 Rb8 14. a4 h6 15. a5 Nf6 16. Bg2 e5 17. h3 Bf5 18. Rd1 Rfe8 19. Be3 h5 20. d4 h4 21. dxc5 {½-½ (21) Brown,M (2524)-Banik,S (2276) Burlingame 2019}) 8... Be7 9. Nf3 Qa5 10. O-O O-O 11. Qc2 c5 12. d4 cxd4 13. cxd4 Nc6 14. Bd2 Qc7 15. Rab1 (15. Rad1 $16) 15... Rd8 16. Be3 ({White should play} 16. Qe4 $14) 16... Bf6 {[%cal Rf6d4]} 17. Rfd1 Ne7 (17... b6 $11) 18. Bd3 Ng6 19. Be4 $36 {[%mdl 2048] Keeping Black busy.} Rb8 20. h4 b6 21. h5 Nf8 22. g3 Bb7 $1 23. Bf4 Bxe4 24. Qxe4 (24. Bxc7 $2 {perishes.} Bxc2 25. Bxb8 Rxb8 $19) 24... Qb7 25. Qxb7 $1 Rxb7 26. c5 Rbd7 {Threatening ...bxc5.} 27. cxb6 axb6 28. Rxb6 Ra7 29. Rd2 Rda8 30. Rb8 Be7 (30... Rxb8 $142 31. Bxb8 Ra8) 31. Rxa8 $1 $16 Rxa8 {[#]} 32. Rb2 $1 f6 (32... Bd8 $16 {is a better defense.}) 33. Rb7 $18 Ba3 {[#]} 34. h6 $2 (34. Nd2 $1 $18) 34... gxh6 $1 $14 35. Bxh6 {Threatens to win with Bg7.} Ng6 $1 36. Rg7+ Kh8 {Black wants to play ...Bf8.} 37. Rf7 Be7 {The position is equal.} 38. Nh4 {Strongly threatening Nxg6+.} Re8 $1 39. a4 Kg8 $1 {[%cal Rg8f7]} 40. Rg7+ {[%mdl 64] Double Attack} Kh8 41. Rf7 Kg8 $1 {[%cal Rg8f7]} 42. Rg7+ {[%mdl 64] Double Attack. Accuracy: White = 77%, Black = 71%.} 1/2-1/2

[Event "34th Cannes Open 2020"]
[Site "Cannes"]
[Date "2020.02.20"]
[Round "5.4"]
[White "Nasuta, Grzegorz"]
[Black "Pantzar, Milton"]
[Result "0-1"]
[WhiteElo "2561"]
[BlackElo "2418"]
[Annotator "TA"]
[PlyCount "76"]
[EventDate "2020.02.17"]
[EventType "swiss"]
[EventCountry "FRA"]
[SourceTitle "playchess.com"]
[Source "ChessBase"]
[SourceQuality "1"]

{[%evp 9,76,18,20,6,3,-25,0,0,0,-18,0,-12,0,-3,21,20,29,27,34,37,38,37,38,35,42,35,41,36,37,18,68,59,110,108,114,97,112,51,44,58,74,0,0,0,0,0,29,25,8,0,2,0,0,-35,-38,-40,-39,-414,-418,-394,-404,-536,-534,-650,-650,-642,-637,-621,-612]} 1. e4 e5 2. Nf3 Nc6 3. Bb5 a6 4. Ba4 Nf6 5. d3 Bc5 6. Nc3 {C77: Ruy Lopez: 3...a6 4 Ba4 Nf6, unusual lines.} d6 7. Nd5 h6 8. c3 {The position is equal.} O-O {[#]} 9. Ne3 $146 ({Predecessor:} 9. Nxf6+ Qxf6 10. Be3 Ne7 11. Qd2 c6 12. d4 Ba7 13. O-O Ng6 14. Bc2 Qe7 15. Rae1 {1-0 (46) Beerdsen,T (2441)-Di Bucchianico,A (2048) Eindhoven 2018}) 9... b5 10. Bb3 Ba7 11. O-O Na5 12. Bc2 c5 13. Nh4 Nc6 14. Nhf5 Ne7 15. Qf3 Nxf5 16. Nxf5 Bxf5 17. Qxf5 c4 18. Rd1 Rb8 19. b4 Qc8 20. dxc4 Qxf5 (20... Rd8 $14) 21. exf5 $16 Rfc8 22. Rxd6 Rxc4 23. Bd3 ({Better is} 23. Bb3 $16 Rxc3 24. Rxa6) 23... Rxc3 $14 {[#] Threatens to win with ...Bd4.} 24. Bb2 Rcc8 25. Bxe5 (25. Rxa6 $16 e4 26. Rxa7 (26. Bxf6 exd3 27. Rxa7 d2 $14) 26... exd3 27. Rd1) 25... Bxf2+ $1 $11 26. Kf1 Ng4 27. Bf4 {aiming for Be2.} Rb6 28. Rxb6 Bxb6 29. a4 Be3 $132 {[%mdl 2048] Black puts up resistance} 30. Bg3 Bd4 31. Ra2 Ne3+ 32. Ke2 Nd5 {White must now prevent ...Nc3+.} 33. Be1 $2 {[%mdl 8192]} (33. Ra3 $15) 33... Nf4+ $19 {[%mdl 64] [#] Double Attack} 34. Kd2 Bc3+ {[%mdl 64] Double Attack} 35. Ke3 Nxd3 {Black is clearly winning.} ({Inferior is} 35... Bxe1 36. Kxf4 Bxb4 37. axb5 $15) 36. Bxc3 Rxc3 37. Kd2 Nxb4 38. Rb2 Rc4 {Accuracy: White = 68%, Black = 86%.} 0-1

[Event "34th Cannes Open 2020"]
[Site "Cannes"]
[Date "2020.02.20"]
[Round "5.5"]
[White "Rakotomaharo, Fy Antenaina"]
[Black "Fier, Alexandr"]
[Result "1/2-1/2"]
[WhiteElo "2430"]
[BlackElo "2539"]
[Annotator "TA"]
[PlyCount "76"]
[EventDate "2020.02.17"]
[EventType "swiss"]
[EventCountry "FRA"]
[SourceTitle "playchess.com"]
[Source "ChessBase"]
[SourceQuality "1"]

{[%evp 9,76,1,5,15,0,0,8,-10,-12,-8,-8,-6,0,-18,-6,-16,-10,-13,-12,-8,-9,-23,0,-35,0,0,0,0,0,-8,-9,-2,-7,-10,0,0,5,-10,-10,-10,-10,-10,-10,-10,-10,-8,0,0,0,0,0,0,0,0,0,0,0,0,0,0,0,0,0,0,0,0,0,0,0]} 1. d4 Nf6 2. c4 e6 3. Nc3 Bb4 4. e3 O-O 5. Bd2 c5 6. a3 {E46: Nimzo-Indian: Rubinstein: 4 e3 0-0 5 Ne2 without early Bd3.} Bxc3 7. Bxc3 Ne4 8. Qc2 (8. Ne2 {is more complex.} b6 9. d5 Bb7 10. f3 Nxc3 11. Nxc3 d6 12. Bd3) 8... Nxc3 9. Qxc3 cxd4 10. Qxd4 Nc6 11. Qc3 b6 12. Nf3 Bb7 13. Be2 Rc8 14. b4 {[#]} d5 $146 ({Predecessor:} 14... Qe7) 15. Rd1 Ne7 16. Qb2 Qc7 17. Rc1 $1 {The position is equal.} dxc4 18. Rxc4 Qd6 19. Rxc8 Rxc8 20. O-O Qc7 21. Nd4 Nd5 22. Bf3 Qc4 23. Ne2 Nc3 24. Qxc3 Qxc3 25. Nxc3 Bxf3 $11 {[%mdl 4096] Endgame KRB-KRN} 26. Rc1 Bb7 27. f3 g5 28. Kf2 Kg7 29. Ne2 Rxc1 30. Nxc1 {KB-KN} h5 31. e4 Kf6 32. Ke3 Ba6 33. Nb3 e5 34. Nd2 Ke6 35. Nb1 Bf1 36. Kf2 Bc4 37. Nc3 h4 38. Ke3 f6 {An uneventful encounter. Accuracy: White = 100%, Black = 97%.} 1/2-1/2

[Event "34th Cannes Open 2020"]
[Site "Cannes"]
[Date "2020.02.20"]
[Round "5.6"]
[White "Lamard, Guillaume"]
[Black "Tanriverdi, Enes"]
[Result "1/2-1/2"]
[WhiteElo "2472"]
[BlackElo "2400"]
[Annotator "TA"]
[PlyCount "67"]
[EventDate "2020.02.17"]
[EventType "swiss"]
[EventCountry "FRA"]
[SourceTitle "playchess.com"]
[Source "ChessBase"]
[SourceQuality "1"]

{[%evp 12,67,16,9,15,21,6,9,8,0,22,12,36,0,58,8,4,8,9,3,5,-5,3,0,0,-3,0,-6,-2,-2,0,-10,-5,0,-10,-17,-18,-17,-4,-26,-13,-60,-26,-22,-24,-29,-27,-33,-16,-23,-20,-20,-12,-8,-7,-8,-8,-5]} 1. e4 c5 2. Nf3 e6 3. c3 d5 4. exd5 Qxd5 5. d4 Nf6 6. Na3 {[%cal Bb1a3,Ba3b5,Bb5d4][%mdl 32]} Nc6 7. Be3 $1 {[%mdl 4] next Nb5 is good for White. outshines the older 7.Nb5.} cxd4 {B22: Sicilian: 2 c3.} 8. Nb5 $1 {[%cal Rb5c7] [#] And now Nc7+ would win.} Qd7 9. Nbxd4 Nd5 10. Bd2 Bd6 11. Bd3 O-O {[#]} 12. Qe2 $146 ({Predecessor:} 12. O-O Re8 13. Re1 e5 14. Nxc6 bxc6 15. c4 Nf6 16. Bc3 e4 17. Bxf6 exf3 18. Rxe8+ Qxe8 {½-½ (34) Pap,M (2480)-Fedorchuk,S (2621) Llucmajor 2017}) 12... g6 ({Black should try} 12... Nxd4 $11 13. Nxd4 b6) 13. O-O Nxd4 14. Nxd4 Nf4 15. Bxf4 Bxf4 16. Rad1 Qe7 17. Rfe1 Bh6 18. Be4 a6 {[%cal Ba7a6,Ba6a5][%mdl 32]} 19. Nc2 Rb8 {[%cal Ba8b8,Bb8b6,Bb6d6][%mdl 32]} 20. Qd3 b5 21. Nb4 {[#] Strongly threatening Nc6.} Rb6 22. Qg3 Bb7 23. Qf3 a5 24. Nc2 Bxe4 25. Qxe4 Rd8 26. Nd4 {Nc6 is the strong threat.} Rbd6 27. Nc6 Qb7 28. Rd4 Rxd4 29. cxd4 Rd6 30. Nxa5 Qxe4 31. Rxe4 {The position is equal.} Ra6 32. b4 Bd2 33. a3 Bc1 34. Re5 $1 {Accuracy: White = 86%, Black = 92%.} 1/2-1/2